000 00907cam a2200241 4500
001 ABS67853
008 040525n2004 000 0 eng u
035 _a(Sirsi) u126292
100 _aWightman, A.
245 _aWho owns Scotland? Anatomy of a landownership website
260 _c2004
490 _aGeo Informatics
_v7(3) April/May 2004, 26-29(3)
520 _aDescribes the background and development of a website that is being developed which documents who owns land in Scotland. The rational for the project and some of the technical challenges faced in constructing a low-cost, yet accessible, map-based web resource are discussed and outlined. [Taken from journal abstract.]
590 _aABS
590 _aABS
650 _aLANDOWNERSHIP
650 _aSCOTLAND
650 _aWEBSITES
650 _aLAND TENURE
650 _aGIS
690 _aMAPPING AND MEASUREMENT
942 _n0
999 _c117401
_d117401